Responses for Show #3163 - Wednesday, May 6, 1998

1998 College Championship quarterfinal game 3.
From Zellerbach Auditorium at the University of California-Berkeley.

Contestants

[<< previous game]

Adia Benton, a junior at Brown University from Columbia, South Carolina

Bryan Stofferahn, a senior at Santa Clara University from Marshalltown, Iowa

Claire Ogilvie, a sophomore at Yale University from Branford, Connecticut

[next game >>]

Jeopardy! Round responses

COUNTRIES OF THE WORLD
PETE THE CAPITOL PAGE
STAR MOVIES
SLOW DOWN
SOUND RECORDING
"A" PLUS
    $100 1
South Africa

Adia
    $100 12
Bills

Claire
    $100 5
Jodie Foster

Bryan
    $100 17
(A: What is maple syrup?)

Molasses

ClaireAdia
    $100 24
Wiretap

Bryan
    $100 2
Acoustic

Claire
    $200 3
Thailand

Claire
    $200 13
Right side

Bryan
    $200 6
(C: What is "Return of the Jedi?")

The Empire Strikes Back

ClaireAdia
    $200 18
Slow motion

Bryan
    $200 25
(A: What is digital audio tracking?)

Digital Audio Taping

Adia
Triple Stumper
    $200 21
Abacus

Bryan
    $300 4
Romania

Bryan
    $300 14
Michigan

Bryan
    $300 7
Alien

Bryan
    $300 19
Changeup

Bryan
    $300 26
Voicemail

Adia
    $300 23
Assume

Adia
    $400 9
Mauritania

Adia
    $800 15
Rotunda

Bryan
    $400 8
Close Encounters of the Third Kind

Claire
    $400 20
Snail

Adia
    $400 29
Sampling

Bryan
    $400 27
Ad nauseam

Bryan
    $500 10
Austria

Claire
    $500 16
Senate chamber

Triple Stumper
    $500 11
Event Horizon

Bryan
    $500 22
Creepers

Triple Stumper
    $500 30
Console

Triple Stumper
    $500 28
Assimilate

Bryan

Scores at the first commercial break (after clue 14):

Claire Bryan Adia
$1,100 $1,700 $700

Scores at the end of the Jeopardy! Round:

Claire Bryan Adia
$1,200 $4,600 $1,400

Double Jeopardy! Round responses

20th CENTURY CLASSICAL MUSIC
TENNIS, ANYONE?
CHANNEL SURFING
SCIENTISTS
ORTHODONTICS
QUOTATIONS
    $200 11
(A: Who is Luciano Pavarotti &...[time]?)
(B: Who are Pavarotti & Domingo?)

Jose Carreras, Placido Domingo, Luciano Pavarotti

BryanAdia
    $200 12
Wimbledon

Claire
    $200 1
Discovery Channel

Claire
    $200 6
George Washington Carver

Claire
    $200 20
Rubber bands

Bryan
    $200 13
Harrison Ford

Claire
    $400 23
Wynton Marsalis

Bryan
    $400 15
Love

Claire
    $400 2
VH1

Claire
    $400 7
Marie Curie

Claire
    $400 25
(and we have about a minute left...)

X-ray

Claire
    $400 14
Princess Diana

Bryan
    $600 24
"Peter and the Wolf"

Triple Stumper
    $600 19
Venus Williams

Adia
    $600 3
Mystery Science Theater 3000

Bryan
    $1,200 8
(C: What is Pisa?)
(Alex: Galileo used to throw a lot of things off that tower.)

Galileo

Claire
    $600 26
Impressions

Triple Stumper
    $600 16
Finish the job

Triple Stumper
    $800 30
9

Adia
    $800 21
3 feet high

Claire
    $800 4
Cartoon Network

Bryan
    $800 9
Leakey

Adia
    $800 29
Gap

Adia
    $800 17
Walt Whitman

Claire
    $2,000 28
Olympics

Adia
    $1000 22
Martina Navratilova

Bryan
    $1000 5
the WB

Claire
    $1000 10
Sir Christopher Wren

Triple Stumper
    $1000 27
Bite

Adia
    $1000 18
Frederick the Great

Triple Stumper

Scores at the end of the Double Jeopardy! Round:

Claire Bryan Adia
$5,000 $8,200 $7,200

Final Jeopardy! Round responses

WORLD LEADERS
ClaireWho is Fidel Castro?
$4,999
AdiaWho is Castro?
$2,200
BryanWho is Castro?
$1,000
Fidel Castro

Final scores:

Claire Bryan Adia
$9,999 $9,200 $9,400
Automatic semifinalist 3rd place: $2,500 if eliminated 2nd place: $2,500 if eliminated

Game dynamics:

Coryat scores:

Claire Bryan Adia
$6,200 $7,800 $6,200
17 R,
2 W
(including 1 DD)
21 R
(including 1 DD),
0 W
12 R
(including 1 DD),
3 W

Combined Coryat: $20,200

[game clues] [game scores] [suggest correction]

Game tape date: Unknown
The J! Archive is created by fans, for fans. Scraping, republication, monetization, and malicious use prohibited; this site may use cookies and collect identifying information. See terms. The Jeopardy! game show and all elements thereof, including but not limited to copyright and trademark thereto, are the property of Jeopardy Productions, Inc. and are protected under law. This website is not affiliated with, sponsored by, or operated by Jeopardy Productions, Inc. Join the discussion at JBoard.tv.